000 00589cam a22002052 4500
001 0000007272
005 20151217145835.0
008 071214s xx 000 0 eng d
020 _a1418837037 :
_cKES 5,950
040 _aKABU
_cKABU
100 1 _aSchneider, Gary P.
_@0000158479
245 1 0 _aElectronic commerce /
_cGary P. Schneider.
250 _a7th ed.
260 _aBoston :
_bThomson Learning,
_c2007.
300 _axxiv, 624 p.
650 0 _aElectronic commerce.
_@0000148142
908 _a071214
950 _@1
999 _c3172
_d3172